[Event "WYCC Open 10"]
[Site "Porto Carras"]
[Date "2015.10.29"]
[Round "5.2"]
[White "Guo, Arthur"]
[Black "Wang, Justin"]
[Result "0-1"]
[BlackElo "2046"]
[WhiteElo "2073"]
[LiveChessVersion "1.4.6"]

1. e4 {[%clk 1:30:58]} c5 {[%clk 1:30:58]} 2. Nf3 {[%clk 1:31:22]} Nc6
{[%clk 1:31:02]} 3. d4 {[%clk 1:31:45]} cxd4 {[%clk 1:31:05]} 4. Nxd4
{[%clk 1:32:10]} g6 {[%clk 1:31:02]} 5. Nc3 {[%clk 1:32:34]} Bg7 {[%clk 1:30:40]}
6. Be3 {[%clk 1:32:57]} Nf6 {[%clk 1:31:01]} 7. Bc4 {[%clk 1:33:06]} O-O
{[%clk 1:31:21]} 8. Bb3 {[%clk 1:33:27]} d6 {[%clk 1:30:56]} 9. f3
{[%clk 1:33:48]} Bd7 {[%clk 1:31:08]} 10. Qd2 {[%clk 1:34:08]} Rc8
{[%clk 1:31:03]} 11. O-O-O {[%clk 1:34:30]} Ne5 {[%clk 1:30:02]} 12. Kb1
{[%clk 1:34:54]} Nc4 {[%clk 1:30:22]} 13. Bxc4 {[%clk 1:35:15]} Rxc4
{[%clk 1:30:48]} 14. g4 {[%clk 1:35:32]} b5 {[%clk 1:29:09]} 15. b3
{[%clk 1:35:46]} b4 {[%clk 1:27:36]} 16. bxc4 {[%clk 1:36:04]} bxc3
{[%clk 1:27:46]} 17. Qxc3 {[%clk 1:36:30]} Qc7 {[%clk 1:26:45]} 18. Qd3
{[%clk 1:31:52]} Ba4 {[%clk 1:24:38]} 19. e5 {[%clk 1:18:22]} dxe5
{[%clk 1:22:46]} 20. Nb3 {[%clk 1:18:16]} Bc6 {[%clk 1:22:31]} 21. g5
{[%clk 1:11:50]} Nd7 {[%clk 1:20:53]} 22. Bd2 {[%clk 1:06:28]} Rb8
{[%clk 1:19:24]} 23. Bc3 {[%clk 1:02:55]} a5 {[%clk 1:18:54]} 24. Ka1
{[%clk 1:02:08]} a4 {[%clk 1:16:25]} 25. Nd2 {[%clk 1:01:45]} Nc5
{[%clk 1:07:44]} 26. Qe3 {[%clk 0:58:59]} Ne6 {[%clk 1:06:13]} 27. Rb1
{[%clk 0:52:03]} Rd8 {[%clk 1:03:34]} 28. Qb6 {[%clk 0:44:22]} Qc8
{[%clk 1:02:32]} 29. Qe3 {[%clk 0:39:03]} Nd4 {[%clk 1:00:05]} 30. Bxd4
{[%clk 0:30:12]} Rxd4 {[%clk 0:59:17]} 31. c3 {[%clk 0:30:25]} Rd8
{[%clk 0:57:20]} 32. Ne4 {[%clk 0:29:49]} f5 {[%clk 0:53:46]} 33. gxf6
{[%clk 0:28:51]} exf6 {[%clk 0:51:38]} 34. Qc5 {[%clk 0:28:08]} f5
{[%clk 0:49:47]} 35. Rb6 {[%clk 0:24:45]} Bxe4 {[%clk 0:45:02]} 36. Qxc8
{[%clk 0:25:09]} Rxc8 {[%clk 0:45:31]} 37. fxe4 {[%clk 0:25:30]} Rxc4
{[%clk 0:43:23]} 38. exf5 {[%clk 0:25:33]} gxf5 {[%clk 0:41:28]} 39. Rb7
{[%clk 0:24:53]} Bf6 {[%clk 0:39:08]} 40. Rg1+ {[%clk 0:51:33]} Kf8
{[%clk 1:09:02]} 41. Rf1 {[%clk 0:48:46]} f4 {[%clk 1:09:02]} 42. Kb2
{[%clk 0:45:05]} Rc6 {[%clk 1:07:12]} 43. Ra7 {[%clk 0:44:39]} Be7
{[%clk 1:06:28]} 44. Rxa4 {[%clk 0:40:22]} Kf7 {[%clk 1:06:23]} 45. Kc2
{[%clk 0:35:32]} Ke6 {[%clk 1:06:42]} 46. Kd3 {[%clk 0:34:02]} Kf5
{[%clk 1:06:36]} 47. Ra5 {[%clk 0:34:09]} Bc5 {[%clk 1:05:40]} 48. a4
{[%clk 0:28:58]} Rd6+ {[%clk 1:04:44]} 49. Kc2 {[%clk 0:28:16]} Be3
{[%clk 1:03:36]} 50. Rd1 {[%clk 0:24:50]} Rh6 51. Rdd5 {[%clk 0:23:09]} Rxh2+
{[%clk 1:02:53]} 52. Kb3 {[%clk 0:23:18]} f3 {[%clk 1:01:39]} 53. Rxe5+
{[%clk 0:23:33]} Kf4 {[%clk 1:01:53]} 54. Rf5+ {[%clk 0:22:54]} Kg4
{[%clk 1:02:07]} 55. Rf7 {[%clk 0:22:39]} h5 {[%clk 0:58:23]} 56. Raf5
{[%clk 0:19:26]} f2 {[%clk 0:58:06]} 57. c4 {[%clk 0:19:39]} h4 {[%clk 0:57:18]}
58. c5 {[%clk 0:19:56]} Rh1 {[%clk 0:56:38]} 59. Rxf2 {[%clk 0:13:44]} Rb1+
{[%clk 0:53:11]} 60. Kc3 {[%clk 0:07:01]} Rc1+ {[%clk 0:52:31]} 61. Kb2
{[%clk 0:07:05]} Bxf2 {[%clk 0:50:01]} 62. Kxc1 {[%clk 0:07:28]} Bxc5
{[%clk 0:50:28]} 63. Kd2 {[%clk 0:07:46]} h3 {[%clk 0:50:36]} 64. Ke2
{[%clk 0:07:26]} Kg3 {[%clk 0:50:42]} 65. Rg7+ {[%clk 0:07:48]} Kh2
{[%clk 0:51:07]} 66. Kf3 {[%clk 0:07:48]} Kh1 {[%clk 0:51:13]} 67. Kg3
{[%clk 0:07:36]} h2 {[%clk 0:51:26]} 68. Kh3 {[%clk 0:07:51]} Bb6
{[%clk 0:50:24]} 69. Rg2 {[%clk 0:07:45]} Bc7 {[%clk 0:50:32]} 70. Rc2
{[%clk 0:08:09]} Kg1 {[%clk 0:50:18]} 71. Rg2+ {[%clk 0:07:17]} Kh1
{[%clk 0:50:32]} 72. Rg6 {[%clk 0:06:28]} Ba5 {[%clk 0:49:51]} 73. Rc6
{[%clk 0:05:51]} Bd2 {[%clk 0:49:25]} 74. Rc2 {[%clk 0:06:04]} Kg1
{[%clk 0:49:33]} 75. Rxd2 {[%clk 0:05:06]} h1=Q+ {[%clk 0:49:59]} 76. Kg3
{[%clk 0:05:21]} Qh5 {[%clk 0:50:17]} 77. Rg2+ {[%clk 0:05:33]} Kf1
{[%clk 0:50:45]} 78. Rf2+ {[%clk 0:05:56]} Ke1 {[%clk 0:51:11]} 79. Rg2
{[%clk 0:05:25]} Qg5+ {[%clk 0:50:08]} 80. Kh2 {[%clk 0:05:13]} Qh4+
{[%clk 0:50:22]} 81. Kg1 {[%clk 0:05:32]} Qxa4 {[%clk 0:50:30]} 82. Rh2
{[%clk 0:05:37]} Qe4 {[%clk 0:49:58]} 83. Rg2 {[%clk 0:05:48]} Qh4
{[%clk 0:50:23]} 84. Rh2 {[%clk 0:05:35]} Qd4+ {[%clk 0:50:31]} 85. Kg2
{[%clk 0:05:51]} Qg4+ {[%clk 0:50:58]} 86. Kh1 {[%clk 0:05:23]} Kf1
{[%clk 0:51:08]} 87. Rf2+ {[%clk 0:02:58]} Kxf2 {[%clk 0:51:34]} 88. Kh2
{[%clk 0:03:23]} Qh4# {[%clk 0:51:59]} 0-1

[Event "WYCC Open 10"]
[Site "Porto Carras"]
[Date "2015.10.29"]
[Round "5.3"]
[White "Chinguun, Sumiya"]
[Black "Antonica, Dragos-Andrei"]
[Result "1/2-1/2"]
[BlackElo "1866"]
[WhiteElo "2067"]
[LiveChessVersion "1.4.6"]

1. e4 {[%clk 1:30:57]} c5 {[%clk 1:30:53]} 2. Nf3 {[%clk 1:31:23]} Nc6
{[%clk 1:31:18]} 3. d4 {[%clk 1:31:48]} cxd4 {[%clk 1:31:45]} 4. Nxd4
{[%clk 1:32:14]} e5 {[%clk 1:31:57]} 5. Nb5 {[%clk 1:32:31]} a6 {[%clk 1:32:21]}
6. Nd6+ {[%clk 1:32:49]} Bxd6 {[%clk 1:32:49]} 7. Qxd6 {[%clk 1:33:05]} Qf6
{[%clk 1:33:17]} 8. Qxf6 {[%clk 1:33:03]} Nxf6 {[%clk 1:33:45]} 9. Nc3
{[%clk 1:31:52]} Nb4 {[%clk 1:34:05]} 10. Bd3 {[%clk 1:32:10]} h6
{[%clk 1:33:41]} 11. O-O {[%clk 1:32:27]} Nxd3 {[%clk 1:33:59]} 12. cxd3
{[%clk 1:32:50]} d6 {[%clk 1:33:08]} 13. f4 {[%clk 1:30:40]} Be6 {[%clk 1:29:45]}
14. f5 {[%clk 1:30:24]} Bd7 {[%clk 1:30:04]} 15. Be3 {[%clk 1:30:08]} Bc6
{[%clk 1:30:00]} 16. Rae1 {[%clk 1:28:40]} O-O {[%clk 1:14:51]} 17. Bf2
{[%clk 1:03:54]} Rfe8 {[%clk 1:10:02]} 18. Bh4 {[%clk 0:51:45]} Nd7
{[%clk 1:10:10]} 19. b4 {[%clk 0:46:10]} Rac8 {[%clk 0:59:04]} 20. Bf2
{[%clk 0:31:10]} Nf6 {[%clk 0:56:35]} 21. Bh4 {[%clk 0:24:54]} Nd7
{[%clk 0:54:52]} 22. Bf2 {[%clk 0:25:15]} Nf6 {[%clk 0:55:14]} 1/2-1/2

[Event "WYCC Open 10"]
[Site "Porto Carras"]
[Date "2015.10.29"]
[Round "5.4"]
[White "Makoveev, Ilya"]
[Black "Ponomarev, Grigori"]
[Result "1-0"]
[BlackElo "1685"]
[WhiteElo "1982"]
[LiveChessVersion "1.4.6"]

1. e4 {[%clk 1:30:47]} d5 {[%clk 1:30:41]} 2. exd5 {[%clk 1:30:48]} Qxd5
{[%clk 1:30:56]} 3. Nc3 {[%clk 1:30:49]} Qd6 {[%clk 1:31:17]} 4. d4
{[%clk 1:30:12]} Nf6 {[%clk 1:31:16]} 5. Nf3 {[%clk 1:30:15]} e6 {[%clk 1:30:50]}
6. g3 {[%clk 1:19:58]} Be7 {[%clk 1:26:05]} 7. Bg2 {[%clk 1:19:32]} O-O
{[%clk 1:24:53]} 8. O-O {[%clk 1:19:19]} Nc6 {[%clk 1:19:17]} 9. Nb5
{[%clk 1:01:59]} Qd8 {[%clk 1:11:17]} 10. c4 {[%clk 0:56:03]} a6 {[%clk 1:09:25]}
11. Nc3 {[%clk 0:56:02]} Bb4 {[%clk 1:02:06]} 12. Ne2 {[%clk 0:43:12]} Bd6
{[%clk 0:56:43]} 13. b3 {[%clk 0:34:57]} e5 {[%clk 0:41:39]} 14. d5
{[%clk 0:34:14]} e4 {[%clk 0:36:54]} 15. dxc6 {[%clk 0:26:46]} exf3
{[%clk 0:33:44]} 16. Bxf3 {[%clk 0:27:11]} bxc6 {[%clk 0:30:46]} 17. Bb2
{[%clk 0:24:07]} Bh3 {[%clk 0:26:22]} 18. Bg2 {[%clk 0:22:52]} Bxg2
{[%clk 0:24:01]} 19. Kxg2 {[%clk 0:23:20]} Re8 {[%clk 0:13:17]} 20. Nd4
{[%clk 0:20:22]} Be5 {[%clk 0:12:00]} 21. f4 {[%clk 0:15:59]} Bxd4
{[%clk 0:12:03]} 22. Bxd4 {[%clk 0:13:37]} Re4 {[%clk 0:10:46]} 23. Bc5
{[%clk 0:07:48]} Qe8 {[%clk 0:08:49]} 24. Qf3 {[%clk 0:06:39]} Qe6
{[%clk 0:07:33]} 25. Bf2 {[%clk 0:03:37]} Re8 {[%clk 0:05:51]} 26. Rfe1
{[%clk 0:01:38]} Re2 {[%clk 0:01:24]} 27. Rxe2 {[%clk 0:00:59]} Qxe2
{[%clk 0:01:50]} 28. Re1 {[%clk 0:00:38]} Qxf3+ {[%clk 0:01:20]} 29. Kxf3
{[%clk 0:01:07]} Rxe1 {[%clk 0:01:04]} 30. Bxe1 {[%clk 0:01:36]} Kf8
{[%clk 0:01:14]} 31. Ba5 {[%clk 0:01:13]} Ne8 {[%clk 0:01:26]} 32. Bb4+
{[%clk 0:01:23]} Nd6 {[%clk 0:00:45]} 33. Ba5 {[%clk 0:01:15]} Ne8
{[%clk 0:00:58]} 34. Ke4 {[%clk 0:01:30]} Ke7 {[%clk 0:00:56]} 35. Kd4
{[%clk 0:01:01]} Kd7 {[%clk 0:00:45]} 36. g4 {[%clk 0:01:11]} Nd6
{[%clk 0:00:44]} 37. f5 {[%clk 0:00:34]} h5 {[%clk 0:00:40]} 38. h3
{[%clk 0:00:58]} hxg4 {[%clk 0:00:41]} 39. hxg4 {[%clk 0:01:27]} g6
{[%clk 0:00:33]} 40. fxg6 {[%clk 0:31:32]} fxg6 {[%clk 0:30:56]} 41. Ke5
{[%clk 0:30:22]} Nb7 {[%clk 0:21:19]} 42. Be1 {[%clk 0:25:46]} Ke7
{[%clk 0:12:36]} 43. Bf2 {[%clk 0:24:07]} Nd8 {[%clk 0:08:49]} 44. Bh4+
{[%clk 0:24:28]} Kd7 {[%clk 0:08:47]} 45. Bxd8 {[%clk 0:24:54]} Kxd8
{[%clk 0:09:11]} 46. Kf6 {[%clk 0:25:18]} Ke8 {[%clk 0:09:15]} 47. Kxg6
{[%clk 0:25:43]} Kf8 {[%clk 0:09:41]} 48. Kh7 {[%clk 0:26:08]} 1-0

[Event "WYCC Open 10"]
[Site "Porto Carras"]
[Date "2015.10.29"]
[Round "5.5"]
[White "Daneshvar, Bardiya"]
[Black "Sadhwani, Raunak"]
[Result "0-1"]
[BlackElo "1981"]
[WhiteElo "1897"]
[LiveChessVersion "1.4.6"]

1. d4 {[%clk 1:30:53]} Nf6 {[%clk 1:30:45]} 2. c4 {[%clk 1:31:08]} e6
{[%clk 1:31:07]} 3. Nc3 {[%clk 1:31:19]} Bb4 {[%clk 1:31:30]} 4. e3
{[%clk 1:31:39]} b6 {[%clk 1:31:57]} 5. Nge2 {[%clk 1:31:13]} Bb7
{[%clk 1:32:19]} 6. a3 {[%clk 1:30:58]} Be7 {[%clk 1:32:43]} 7. d5
{[%clk 1:31:08]} O-O {[%clk 1:30:28]} 8. e4 {[%clk 1:31:03]} d6 {[%clk 1:30:23]}
9. Nd4 {[%clk 1:27:18]} c5 {[%clk 1:27:52]} 10. Nc2 {[%clk 1:22:20]} Na6
{[%clk 1:23:49]} 11. Be2 {[%clk 1:21:16]} Nc7 {[%clk 1:24:07]} 12. O-O
{[%clk 1:15:26]} b5 {[%clk 1:23:06]} 13. b3 {[%clk 1:10:05]} bxc4
{[%clk 1:16:57]} 14. bxc4 {[%clk 1:09:07]} Nd7 {[%clk 1:17:14]} 15. Rb1
{[%clk 0:57:34]} Ba6 {[%clk 1:17:08]} 16. Bf4 {[%clk 0:56:26]} Nb6
{[%clk 1:16:06]} 17. Ne3 {[%clk 0:55:34]} Qd7 {[%clk 1:09:55]} 18. a4
{[%clk 0:51:30]} Bf6 {[%clk 1:09:33]} 19. Nb5 {[%clk 0:51:51]} Bxb5
{[%clk 1:09:56]} 20. axb5 {[%clk 0:52:14]} Bd4 {[%clk 1:09:36]} 21. Nc2
{[%clk 0:47:02]} e5 {[%clk 1:09:13]} 22. Nxd4 {[%clk 0:46:53]} cxd4
{[%clk 1:08:30]} 23. Bd2 {[%clk 0:40:52]} Qe7 {[%clk 1:08:36]} 24. Bb4
{[%clk 0:40:11]} Nd7 {[%clk 1:08:41]} 25. Qc2 {[%clk 0:38:31]} Rfc8
{[%clk 1:01:56]} 26. Qa2 {[%clk 0:31:15]} Ne8 {[%clk 0:58:18]} 27. f4
{[%clk 0:27:31]} Nc5 {[%clk 0:53:03]} 28. Bxc5 {[%clk 0:26:45]} dxc5
{[%clk 0:52:44]} 29. Bg4 {[%clk 0:17:05]} Rc7 {[%clk 0:50:27]} 30. b6
{[%clk 0:11:42]} Rb7 {[%clk 0:50:45]} 31. Qa6 {[%clk 0:08:28]} Nd6
{[%clk 0:50:35]} 32. fxe5 {[%clk 0:05:20]} Qxe5 {[%clk 0:50:18]} 33. Rfe1
{[%clk 0:05:16]} Rab8 {[%clk 0:46:10]} 34. bxa7 {[%clk 0:03:32]} Rxb1
{[%clk 0:46:32]} 35. axb8=Q+ {[%clk 0:03:57]} Rxb8 {[%clk 0:46:47]} 36. Qa7
{[%clk 0:02:08]} Nxc4 {[%clk 0:46:24]} 37. Qxc5 {[%clk 0:02:28]} Nd6
{[%clk 0:46:20]} 38. Rd1 {[%clk 0:01:07]} Nb5 {[%clk 0:42:37]} 39. Rb1
{[%clk 0:00:53]} Qxe4 {[%clk 0:42:48]} 40. Ra1 {[%clk 0:31:04]} Nc3
{[%clk 1:10:24]} 41. Qc7 {[%clk 0:28:41]} Qe3+ {[%clk 1:03:59]} 42. Kh1
{[%clk 0:28:39]} Re8 {[%clk 1:04:19]} 43. Rf1 {[%clk 0:28:14]} Rf8
{[%clk 0:58:03]} 44. d6 {[%clk 0:27:48]} Ne4 {[%clk 0:57:51]} 0-1

[Event "WYCC Open 10"]
[Site "Porto Carras"]
[Date "2015.10.29"]
[Round "5.7"]
[White "Krallis, Christos"]
[Black "Mochalin, Faddey"]
[Result "1-0"]
[BlackElo "1917"]
[WhiteElo "1859"]
[LiveChessVersion "1.4.6"]

1. c4 {[%clk 1:30:58]} e5 {[%clk 1:30:51]} 2. g3 {[%clk 1:31:23]} Nf6
{[%clk 1:31:16]} 3. Bg2 {[%clk 1:31:47]} d5 {[%clk 1:31:41]} 4. cxd5
{[%clk 1:32:12]} Nxd5 {[%clk 1:32:07]} 5. Nc3 {[%clk 1:32:36]} Nb6
{[%clk 1:32:29]} 6. e3 {[%clk 1:32:40]} g6 {[%clk 1:31:57]} 7. Nge2
{[%clk 1:32:24]} Nc6 {[%clk 1:32:03]} 8. O-O {[%clk 1:32:35]} Bg7
{[%clk 1:32:25]} 9. b3 {[%clk 1:29:25]} O-O {[%clk 1:32:41]} 10. Ba3
{[%clk 1:26:29]} Re8 {[%clk 1:32:54]} 11. Rc1 {[%clk 1:26:38]} Bf5
{[%clk 1:12:54]} 12. Ne4 {[%clk 1:25:40]} Nd7 {[%clk 0:46:01]} 13. N2c3
{[%clk 1:16:28]} Be6 {[%clk 0:38:56]} 14. h4 {[%clk 1:13:15]} h6 {[%clk 0:38:29]}
15. Na4 {[%clk 1:12:40]} Bd5 {[%clk 0:36:30]} 16. Nac3 {[%clk 1:05:35]} Be6
{[%clk 0:20:12]} 17. Na4 {[%clk 0:56:28]} Rb8 {[%clk 0:07:15]} 18. Nec5
{[%clk 0:55:33]} Nxc5 {[%clk 0:07:01]} 19. Nxc5 {[%clk 0:55:53]} Bd5
{[%clk 0:02:55]} 20. e4 {[%clk 0:55:59]} Be6 {[%clk 0:03:20]} 21. Nxb7
{[%clk 0:56:01]} Rxb7 {[%clk 0:03:06]} 22. Rxc6 {[%clk 0:56:26]} Qd4
{[%clk 0:01:40]} 23. Qc2 {[%clk 0:56:05]} Rd8 {[%clk 0:01:18]} 24. Bc1
{[%clk 0:53:37]} Rd7 {[%clk 0:01:05]} 25. Rc3 {[%clk 0:53:18]} Bf8
{[%clk 0:01:04]} 26. a3 {[%clk 0:52:24]} c5 {[%clk 0:00:55]} 27. d3
{[%clk 0:52:25]} Rb5 {[%clk 0:00:50]} 28. Be3 {[%clk 0:52:24]} Qd6
{[%clk 0:01:05]} 29. Rc1 {[%clk 0:51:32]} Qb6 {[%clk 0:01:16]} 30. b4
{[%clk 0:51:13]} Rc7 {[%clk 0:01:06]} 31. bxc5 {[%clk 0:50:33]} Qb8
{[%clk 0:01:24]} 32. c6 {[%clk 0:48:53]} Rb2 {[%clk 0:01:31]} 33. Qd1
{[%clk 0:49:11]} Bb3 {[%clk 0:01:13]} 34. Qg4 {[%clk 0:48:28]} Bxa3
{[%clk 0:00:51]} 35. f4 {[%clk 0:48:05]} Bb4 {[%clk 0:00:46]} 36. fxe5
{[%clk 0:47:18]} Bxc3 {[%clk 0:01:07]} 37. Rxc3 {[%clk 0:47:31]} Be6
{[%clk 0:01:32]} 38. Qf4 {[%clk 0:47:33]} Qb4 {[%clk 0:01:19]} 39. Rc1
{[%clk 0:42:18]} Rb1 {[%clk 0:01:34]} 40. Qf1 {[%clk 1:10:09]} Rxc1
{[%clk 0:31:33]} 41. Qxc1 {[%clk 1:09:06]} Qb5 {[%clk 0:31:24]} 42. Bxh6
{[%clk 1:08:48]} Rxc6 {[%clk 0:30:02]} 43. Qg5 {[%clk 1:07:37]} Qc5+
{[%clk 0:28:07]} 44. Kh2 {[%clk 1:07:50]} Bb3 {[%clk 0:24:00]} 45. Qd8+
{[%clk 0:56:14]} Kh7 {[%clk 0:24:22]} 46. d4 {[%clk 0:56:16]} Qb4
{[%clk 0:17:50]} 47. d5 {[%clk 0:55:24]} Rb6 {[%clk 0:17:26]} 48. e6
{[%clk 0:45:17]} Rb7 {[%clk 0:06:55]} 49. Bf4 {[%clk 0:34:39]} Qb6
{[%clk 0:02:33]} 50. e7 {[%clk 0:34:08]} Ba4 {[%clk 0:02:11]} 51. e8=Q
{[%clk 0:32:22]} Bxe8 {[%clk 0:02:37]} 52. Qxe8 {[%clk 0:32:47]} Qf2
{[%clk 0:02:29]} 53. d6 {[%clk 0:31:59]} Kg7 {[%clk 0:01:26]} 54. d7
{[%clk 0:31:31]} Rb2 {[%clk 0:01:13]} 55. Be5+ {[%clk 0:31:53]} f6
{[%clk 0:01:16]} 56. Bxb2 {[%clk 0:32:03]} Qxb2 {[%clk 0:01:40]} 57. d8=Q
{[%clk 0:32:23]} 1-0

[Event "WYCC Open 10"]
[Site "Porto Carras"]
[Date "2015.10.29"]
[Round "5.8"]
[White "Nguyen, Quoc Hy"]
[Black "Csiki, Endre"]
[Result "1-0"]
[BlackElo "1901"]
[WhiteElo "1583"]
[LiveChessVersion "1.4.6"]

1. d4 {[%clk 1:30:55]} Nf6 {[%clk 1:30:49]} 2. c4 {[%clk 1:31:21]} e6
{[%clk 1:31:09]} 3. g3 {[%clk 1:31:44]} Bb4+ {[%clk 1:31:06]} 4. Bd2
{[%clk 1:32:07]} c5 {[%clk 1:31:15]} 5. Bxb4 {[%clk 1:30:42]} cxb4
{[%clk 1:31:11]} 6. Bg2 {[%clk 1:30:57]} d5 {[%clk 1:25:55]} 7. Nd2
{[%clk 1:20:27]} Nc6 {[%clk 1:23:52]} 8. Ngf3 {[%clk 1:20:34]} a5
{[%clk 1:23:33]} 9. O-O {[%clk 1:20:36]} O-O {[%clk 1:23:20]} 10. Rc1
{[%clk 1:19:12]} Re8 {[%clk 1:11:03]} 11. Re1 {[%clk 1:17:08]} Bd7
{[%clk 0:45:35]} 12. e4 {[%clk 1:10:26]} dxe4 {[%clk 0:32:11]} 13. Nxe4
{[%clk 1:10:48]} Nxe4 {[%clk 0:30:39]} 14. Rxe4 {[%clk 1:11:09]} Qb6
{[%clk 0:26:02]} 15. d5 {[%clk 0:46:50]} exd5 {[%clk 0:25:56]} 16. Rxe8+
{[%clk 0:44:43]} Rxe8 {[%clk 0:26:12]} 17. cxd5 {[%clk 0:45:06]} Na7
{[%clk 0:24:23]} 18. Qd4 {[%clk 0:39:40]} Qa6 {[%clk 0:23:09]} 19. Bf1
{[%clk 0:36:43]} Nb5 {[%clk 0:17:19]} 20. Qc5 {[%clk 0:36:32]} b6
{[%clk 0:16:30]} 21. Qc2 {[%clk 0:26:58]} Qb7 {[%clk 0:11:20]} 22. Rd1
{[%clk 0:23:58]} Nd6 {[%clk 0:10:01]} 23. Bg2 {[%clk 0:18:38]} h6
{[%clk 0:07:23]} 24. Nd4 {[%clk 0:18:40]} Rc8 {[%clk 0:05:04]} 25. Nc6
{[%clk 0:18:16]} Bxc6 {[%clk 0:05:24]} 26. dxc6 {[%clk 0:18:41]} Qc7
{[%clk 0:05:45]} 27. Qd3 {[%clk 0:17:23]} Rd8 {[%clk 0:05:56]} 28. Qc2
{[%clk 0:15:26]} Nb5 {[%clk 0:03:40]} 29. Rxd8+ {[%clk 0:12:59]} Qxd8
{[%clk 0:04:03]} 30. Bf1 {[%clk 0:12:51]} Nc7 {[%clk 0:03:28]} 31. Qf5
{[%clk 0:12:07]} Ne6 {[%clk 0:03:08]} 32. Bc4 {[%clk 0:10:29]} g6
{[%clk 0:02:28]} 33. Qc2 {[%clk 0:09:38]} Nf8 {[%clk 0:01:32]} 34. Qb3
{[%clk 0:09:59]} Qc7 {[%clk 0:00:54]} 35. Bxf7+ {[%clk 0:10:04]} Kg7
{[%clk 0:01:18]} 36. Bd5 {[%clk 0:10:17]} Qd6 {[%clk 0:00:50]} 37. Bg8
{[%clk 0:09:11]} h5 {[%clk 0:00:36]} 38. Qf7+ {[%clk 0:08:53]} Kh8
{[%clk 0:00:42]} 39. c7 {[%clk 0:09:08]} Qc5 {[%clk 0:00:34]} 40. Qc4
{[%clk 0:39:28]} 1-0

[Event "WYCC Open 10"]
[Site "Porto Carras"]
[Date "2015.10.29"]
[Round "5.9"]
[White "Tsvetkov, Andrey"]
[Black "He, Anthony B"]
[Result "1/2-1/2"]
[BlackElo "1820"]
[WhiteElo "2174"]
[LiveChessVersion "1.4.6"]

1. d4 {[%clk 1:30:55]} Nf6 {[%clk 1:30:56]} 2. c4 {[%clk 1:31:06]} g6
{[%clk 1:31:19]} 3. Nc3 {[%clk 1:31:19]} d5 {[%clk 1:31:40]} 4. cxd5
{[%clk 1:31:12]} Nxd5 {[%clk 1:32:05]} 5. e4 {[%clk 1:30:36]} Nxc3
{[%clk 1:32:23]} 6. bxc3 {[%clk 1:31:01]} Bg7 {[%clk 1:32:50]} 7. Bc4
{[%clk 1:31:02]} c5 {[%clk 1:32:26]} 8. Ne2 {[%clk 1:30:56]} O-O {[%clk 1:32:32]}
9. O-O {[%clk 1:30:54]} Nc6 {[%clk 1:32:04]} 10. Be3 {[%clk 1:30:55]} Qc7
{[%clk 1:32:02]} 11. Rc1 {[%clk 1:27:28]} Rd8 {[%clk 1:31:22]} 12. Bb5
{[%clk 1:14:20]} e6 {[%clk 1:16:53]} 13. Qc2 {[%clk 1:03:29]} a6 {[%clk 1:10:22]}
14. Bxc6 {[%clk 1:02:48]} Qxc6 {[%clk 1:10:39]} 15. dxc5 {[%clk 1:02:02]} e5
{[%clk 1:03:42]} 16. Rfd1 {[%clk 0:56:26]} Be6 {[%clk 0:59:00]} 17. c4
{[%clk 0:48:29]} Rxd1+ {[%clk 0:58:19]} 18. Rxd1 {[%clk 0:45:30]} Bf8
{[%clk 0:57:47]} 19. Nc3 {[%clk 0:41:08]} Bxc5 {[%clk 0:50:30]} 20. Nd5
{[%clk 0:40:25]} Bf8 {[%clk 0:48:51]} 21. Qc3 {[%clk 0:33:57]} Bxd5
{[%clk 0:48:19]} 22. exd5 {[%clk 0:30:17]} Qc7 {[%clk 0:43:55]} 23. c5
{[%clk 0:28:42]} Rc8 {[%clk 0:43:53]} 24. Rc1 {[%clk 0:27:38]} Be7
{[%clk 0:39:24]} 25. Qb2 {[%clk 0:26:02]} Bf6 {[%clk 0:36:33]} 26. h3
{[%clk 0:19:39]} Qd7 {[%clk 0:35:21]} 27. Qb3 {[%clk 0:14:57]} Bd8
{[%clk 0:32:46]} 28. Rb1 {[%clk 0:14:08]} f5 {[%clk 0:30:04]} 29. d6+
{[%clk 0:12:21]} Qf7 {[%clk 0:29:08]} 30. Qxf7+ {[%clk 0:11:52]} Kxf7
{[%clk 0:29:35]} 31. Rxb7+ {[%clk 0:09:36]} Ke6 {[%clk 0:29:46]} 32. g3
{[%clk 0:06:51]} g5 {[%clk 0:29:13]} 33. d7 {[%clk 0:05:19]} Rc6 {[%clk 0:28:11]}
34. Ra7 {[%clk 0:03:48]} f4 {[%clk 0:25:28]} 35. gxf4 {[%clk 0:04:08]} gxf4
{[%clk 0:25:49]} 36. Bd2 {[%clk 0:03:30]} Rxc5 {[%clk 0:25:40]} 37. Rxa6+
{[%clk 0:03:28]} Kxd7 {[%clk 0:25:53]} 38. Bb4 {[%clk 0:02:18]} Rc1+
{[%clk 0:25:22]} 39. Kg2 {[%clk 0:02:25]} e4 {[%clk 0:24:03]} 40. Rd6+
{[%clk 0:30:32]} Kc8 {[%clk 0:53:59]} 41. Rd4 {[%clk 0:21:25]} e3
{[%clk 0:38:10]} 42. Rxf4 {[%clk 0:13:35]} Rc2 {[%clk 0:38:24]} 43. Kf1
{[%clk 0:12:34]} e2+ {[%clk 0:35:56]} 44. Ke1 {[%clk 0:12:29]} Rxa2
{[%clk 0:36:12]} 45. Bd2 {[%clk 0:10:28]} Ra3 {[%clk 0:35:55]} 46. f3
{[%clk 0:09:33]} Kd7 {[%clk 0:36:00]} 47. Kxe2 {[%clk 0:09:19]} Ke6
{[%clk 0:35:08]} 48. Rf8 {[%clk 0:06:09]} Bf6 {[%clk 0:35:17]} 49. Rb8
{[%clk 0:05:40]} Kf5 {[%clk 0:35:25]} 50. Rb5+ {[%clk 0:05:58]} Kg6
{[%clk 0:35:28]} 51. Rc5 {[%clk 0:05:52]} Rb3 {[%clk 0:35:17]} 52. Rc2
{[%clk 0:05:51]} Kh5 {[%clk 0:35:06]} 53. Kf2 {[%clk 0:05:41]} Bd4+
{[%clk 0:35:08]} 54. Kg2 {[%clk 0:06:00]} Rb2 {[%clk 0:35:19]} 55. Rxb2
{[%clk 0:06:00]} Bxb2 {[%clk 0:35:43]} 56. Kg3 {[%clk 0:06:21]} Kg6
{[%clk 0:36:04]} 57. Kf4 {[%clk 0:06:14]} Kf6 {[%clk 0:35:58]} 58. h4
{[%clk 0:06:34]} Bd4 {[%clk 0:34:27]} 59. Ba5 {[%clk 0:05:39]} Bb2
{[%clk 0:34:09]} 60. Bd8+ {[%clk 0:04:42]} Kg6 {[%clk 0:34:14]} 61. Ke4
{[%clk 0:04:35]} Bc3 {[%clk 0:34:19]} 62. f4 {[%clk 0:03:29]} Bb2
{[%clk 0:33:32]} 63. f5+ {[%clk 0:02:53]} Kf7 {[%clk 0:33:54]} 64. Kf4
{[%clk 0:03:12]} Bd4 {[%clk 0:33:26]} 65. Kg5 {[%clk 0:02:47]} Be3+
{[%clk 0:33:02]} 66. Kh5 {[%clk 0:03:16]} Bf4 {[%clk 0:33:05]} 67. Bg5
{[%clk 0:03:19]} Be5 {[%clk 0:33:07]} 68. Kh6 {[%clk 0:03:26]} Kg8
{[%clk 0:33:31]} 69. Be3 {[%clk 0:02:27]} Bg7+ {[%clk 0:33:50]} 70. Kg5
{[%clk 0:02:52]} Kf7 {[%clk 0:34:13]} 71. h5 {[%clk 0:03:01]} Bf6+
{[%clk 0:34:18]} 72. Kf4 {[%clk 0:03:14]} Ke7 {[%clk 0:34:34]} 73. Ke4
{[%clk 0:03:39]} Kf7 {[%clk 0:34:58]} 74. Kd5 {[%clk 0:04:03]} Be7
{[%clk 0:34:50]} 75. Bd4 {[%clk 0:04:21]} Bg5 {[%clk 0:35:12]} 76. Bh8
{[%clk 0:03:58]} Bd8 {[%clk 0:34:57]} 77. Kd6 {[%clk 0:04:15]} Bf6
{[%clk 0:35:20]} 78. Bxf6 {[%clk 0:04:26]} Kxf6 {[%clk 0:35:43]} 79. Kd5
{[%clk 0:04:40]} Kxf5 {[%clk 0:36:09]} 80. h6 {[%clk 0:05:05]} Kg5
{[%clk 0:36:27]} 81. Ke4 {[%clk 0:04:55]} Kxh6 {[%clk 0:36:41]} 1/2-1/2